Metadata for academic digital library web sites in the UK /
Saved in:
| Main Author: | |
|---|---|
| Format: | Thesis Book |
| Language: | English |
| Published: |
2004.
|
| Subjects: | |
| Tags: |
Add Tag
No Tags, Be the first to tag this record!
|
| LEADER | 00801cam a2200241 a 4500 | ||
|---|---|---|---|
| 001 | u744947 | ||
| 003 | SIRSI | ||
| 005 | 200709071213 | ||
| 008 | 070907s2004 enk v 000 0 eng m | ||
| 040 | |a UMM | ||
| 043 | |a e-uk--- | ||
| 090 | |a Z666.7 |b Zaii | ||
| 100 | 0 | |a Zaila Idris | |
| 245 | 1 | 0 | |a Metadata for academic digital library web sites in the UK / |c Zaila bt Idris. |
| 260 | |c 2004. | ||
| 300 | |a iv, 59 leaves ; |c 30 cm. | ||
| 502 | |a Dissertation (M.A. (Inf.Lib.Mgmt.)) -- University of Northumbria at NewCastle, 2004. | ||
| 596 | |a 1 | ||
| 650 | 0 | |a Metadata. | |
| 650 | 0 | |a Library Web sites |z United Kingdom. | |
| 710 | 2 | 0 | |a University of Northumbria at NewCastle. |
| 900 | |a SK | ||
| 999 | |a Z666.7 ZAII |w LC |c 1 |i A513115407 |d 8/10/2008 |e 8/10/2008 |f 17/9/2007 |g 1 |l STACKS |m P01UTAMA |n 2 |r Y |s Y |t TESIS |u 14/9/2007 | ||
